00474 2200169 4500245003700000020001800037250001100055100002100066650001600087005001900103260004200122041001400164084000800178300002200186500008700208336000900295 aMamimomacRosemary KesaulyhText a979-22-1752-5 aCet. 3 aRosemary Kesauly aNovel Fiksi a20231005114747 aJakartabGramedia Pustaka Utamac2006 aIndonesia a813 a248 hlm. :c20 cm aEmpat cewek yang sama-sama sekolah di SMA Benedict 1 ini sekilas kelihatan bahagia atext